Mapmakers of America : (Record no. 7998)

MARC details
000 -LEADER
fixed length control field 00644nam a22002052 4500
001 - CONTROL NUMBER
control field 0000009699
005 - DATE AND TIME OF LATEST TRANSACTION
control field 20151217152058.0
008 - FIXED-LENGTH DATA ELEMENTS--GENERAL INFORMATION
fixed length control field 081117s xx 000 0 eng d
040 ## - CATALOGING SOURCE
Original cataloging agency KABU
Transcribing agency KABU
100 1# - MAIN ENTRY--PERSONAL NAME
Personal name Hirsch, S. Carl.
-- 0000011693
245 10 - TITLE STATEMENT
Title Mapmakers of America :
Remainder of title from the age of discovery to the space era /
Statement of responsibility, etc. S. Carl Hirsch.
250 ## - EDITION STATEMENT
Edition statement 1st ed.
260 ## - PUBLICATION, DISTRIBUTION, ETC. (IMPRINT)
Place of publication, distribution, etc. New York :
Name of publisher, distributor, etc. Viking Press,
Date of publication, distribution, etc. 1970.
300 ## - PHYSICAL DESCRIPTION
Extent 176 p.
650 #0 - SUBJECT ADDED ENTRY--TOPICAL TERM
Topical term or geographic name as entry element Cartography.
-- 0000161442
651 #0 - SUBJECT ADDED ENTRY--GEOGRAPHIC NAME
Geographic name America
General subdivision Discovery and exploration.
-- 0000161443
852 1# - LOCATION
-- p500 KES
908 ## - PUT COMMAND PARAMETER (RLIN)
Put command parameter 081117
950 ## - LOCAL HOLDINGS (RLIN)
-- 1
Holdings
Withdrawn status Lost status Source of classification or shelving scheme Not for loan Home library Current library Date acquired Total Checkouts Full call number Barcode Date last seen Price effective from Koha item type
    Library of Congress Classification   Kabarak, Main Campus Kabarak, Main Campus 17/12/2015   E121 .H57 1970 c. 1 15556 17/12/2015 17/12/2015 General Collection
Designed with assistance from East African Informatics Ltd